00531nam a2200145Ia 4500003000900000008004100009040003300050041000800083080001200091100003100103245016600134260005700300300001600357650001200373LK-CoDNM010623t2000 xxu||||| |||| 00| 1 eng d aLK-CoDNMdLK-CoDNMeLK-CoDNM aeng a33bPUN aPunchihewa, Gamini se S.g. aThe Great Sandy River of History and Legend : Introducing the History, Legend, tank civilization, the Vedhas, Elephants and adventure around the Mahaweli Basin bSarvodya Vishva Lekha Publicationsa Ratmalanac2000 b268p, 21 cm aHistory